Quiz Mystère #1 - Statistiques

Statistiques générales
  • Ce quiz a été pris 137 fois
  • Le résultat moyen est 14 sur 28
Statistiques - réponses
Question Réponse Réponses possibles % Correct
Contraire de moins Plus 1
94%
Adverbe de temps concernant le jour actuel Aujourd'hui 1
90%
Contraire d'exterieur à l'interieur 1
85%
Dépasse Pretoria Le Cap / Johannesburg / Durban / Soweto 4
78%
Villes des USA dont la population dépasse Washington New York / Los Angeles / Fort Worth / Chicago / Houston / Phoenix / Philadelphie / San Diego / San Antonio / Dallas / San José / Austin / Jacksonville / Indianapolis / Columbus / Charlotte / San Francisco / Seattle / Denver 19
78%
Synonyme de Nation d'un même pays 1
75%
Chaque pays en a une minimum Capitale 1
74%
Villes canadiennes dont la population dépasse Ottawa Toronto / Montréal / Calgary 3
72%
Villes marocaines dont la population dépasse Rabat Casablanca / Fès / Tanger / Meknès / Marrakech / Agadir 6
71%
Et pour Brasilia Sao Paulo / Rio de Janeiro 2
66%
Suisse, mieux que Berne Zurich / Genève / Bâle / Lausanne 4
65%
La seule ville dépassant Ankara en Turquie Istanbul 1
61%
Ville indienne dont la population dépasse New Delhi Bombay 1
57%
En Australie y'en a plus qu'a Canberra Gold Coast / Melbourne / Perth / Sydney / Brisbane / Adélaïde 6
54%
Plus que Pékin en Chine Shanghai 1
51%
Et pour Bruxelles Gand / Liège / Charleroi / Anvers 4
50%
Plus que Yamoussoukro en Côte d'Ivoire Abidjan / Bouaké / Korhogo / Daloa / San Pedro / Anyama 6
39%
Dépasse Wellington en Nouvelle Zélande Auckland / Christchurch 2
34%
Commun a Libre, Brazza, Sartrou et Urbanne Villes 1
34%
Synonyme d'habitées Peuplées 1
27%
Dépasse Islamabad au Pakistan Karachi / Lahore / Hyderabad / Multan / Peshawar / Rawalpindi / Faisalabad / Gujranwala 8
26%
Dépasse la population de Abuja Lagos / Kano / Ibadan 3
25%
Plus que Dodoma en Tanzanie Dar es Salaam / Zanzibar / Mwanza / Arusha / Mbeya / Morogoro / Tanga 7
22%
Plus que Astana au Kazakhstan Almaty 1
11%
pronom relatif défini Que la 1
8%
Dépasse Mélékeok au Palaos Kloulklubed / Koror / Meyuns / Airai 4
6%
Tu l'attend avec impatience Le thème est 1
6%
Dépasse La Paz en Bolivie Santa Cruz de la Sierra / El Alto 2
5%
Aucun quiz correspondant
Distribution des résultats
% des personnes avec chaque résultat
Percentile par nombre de réponses
Votre historique - résultats
Vous n’avez pas pris ce quiz